000 01378cam a2200373 a 4500
001 12127227
003 OSt
005 20140310182233.0
008 000802s2001 nyu j 000 1 eng
010 _a 00061883
020 _a0439263271
020 _a0439263271 (pbk.)
040 _aDLC
_cDLC
_dDLC
042 _alcac
050 0 0 _aPZ 7
_b.H734 2001
082 0 0 _aFIC
_bC88s 2000
100 1 _aCrossley-Holland, Kevin.
_918428
245 1 4 _aThe seeing stone /
_cKevin Crossley-Holland.
250 _a1st American ed.
260 _aNew York :
_bArthur A. Levine Books,
_c2001.
300 _a350 p. :
_c19 cm.
490 1 _aArthur trilogy ;
_vbk. 1
500 _aSequel: At the crossing-places.
541 _j1
562 _e1
600 0 0 _aArthur, King
_vJuvenile fiction.
_918429
600 0 1 _aArthur, King
_vFiction.
_918430
650 1 _aArthur, King
_xJuvenile fiction.
_xMagic
_xFiction.
_918431
800 1 _aCrossley-Holland, Kevin.
_tArthur trilogy ;
_vbk. 1.
_918432
856 4 2 _3Publisher description
_uhttp://www.loc.gov/catdir/description/schol051/00061883.html
906 _a7
_bcbc
_corignew
_d1
_eocip
_f20
_gy-gencatlg
942 _2lcc
_cBK-FIC
999 _c10963
_d10963